| 000 | 00912nam a2200265Ia 4500 | ||
|---|---|---|---|
| 003 | OSt | ||
| 005 | 20221005104840.0 | ||
| 006 | a|||||r|||| 00| 0 | ||
| 007 | ta | ||
| 008 | 221004b |||||||| |||| 00| 0 hin d | ||
| 020 |
_a817453184X (hbk) _c500 |
||
| 024 | _a101072 | ||
| 037 |
_b408, 23/03/2010, Swaraj Prakashan _cTextual |
||
| 040 |
_aCRL _cCRL _bhin |
||
| 041 |
_2hin _ahin |
||
| 082 | _aO152,1:g, P5 | ||
| 100 | _aपाण्डेय, रामसजन | ||
| 245 | 0 | _aकविता का परिपाठ | |
| 246 | _aKavitā kā paripāṭha | ||
| 260 |
_aदिल्ली _bसंजय प्रकाशन भारत _c2005 |
||
| 300 |
_a302पृ0 _ccm. |
||
| 650 | _aहिन्दी साहित्य | ||
| 942 |
_hO152,1:g, P5 _cTEXL _2cc |
||
| 999 |
_c1013972 _d1013972 |
||